Flags of Europe in 1453 - Statistics

General Stats
  • This quiz has been taken 136 times
    68 since last reset
  • The average score is 16 of 33
Answer Stats
Picture Answer % Correct
Archduchy of Austria
98%
Kingdom of Scotland
79%
Kingdom of Denmark
77%
Kingdom of France
77%
League of Lezhë
77%
Kingdom of Georgia
75%
Crown of Aragon
73%
Portuguese Empire
73%
Kingdom of England
71%
Holy Roman Empire
69%
Kingdom of Hungary
69%
Kingdom of Poland
67%
Republic of Venice
65%
Grand Duchy of Lithuania
63%
Ottoman Empire
56%
Crown of Castile
54%
Papal States
54%
Kingdom of Norway
52%
Teutonic Order
52%
Golden Horde
48%
Republic of Genoa
44%
Kingdom of Bosnia
38%
Kingdom of Sweden
38%
Kingdom of Navarre
29%
Principality of Andorra
29%
Beylik of Karaman
27%
Emirate of Granada
27%
Hospitaller Rhodes
19%
Novgorod Republic
13%
Empire of Trebizond
4%
Pskov Republic
4%
Republic of Florence
4%
Despotate of Epirus
2%
No matching quizzes found
Score Distribution
Percent of People with Each Score
Percentile by Number Answered
Your Score History
You have not taken this quiz since the last reset